000 00419nam a2200193Ia 4500
001 12444
003 GE_BSU
008 181216s||||||||xx |||||||||||||| ||und||
040 _cGE_BSU
080 _a821.111-32
100 _aConnolly,John.
245 4 _aThe White Road.
260 _aGreat Britain.
260 _bCoronet Books.
260 _c2002
300 _a504p;18cm.
653 _aThe White Road.
942 _cBK
999 _c45618
_d45618